UM Logo

Core concepts of accounting information systems/ (Record no. 4997)

MARC details
000 -LEADER
fixed length control field 00742nam a22002057a 4500
008 - FIXED-LENGTH DATA ELEMENTS--GENERAL INFORMATION
fixed length control field 161001b xxu||||| |||| 00| 0 eng d
020 ## - INTERNATIONAL STANDARD BOOK NUMBER
International Standard Book Number 9971513536
082 ## - DEWEY DECIMAL CLASSIFICATION NUMBER
Edition number 2001
Classification number DC 658.4038011
Item number M85
100 ## - MAIN ENTRY--PERSONAL NAME
9 (RLIN) 15666
Personal name Mascove, Stephen A.
245 ## - TITLE STATEMENT
Title Core concepts of accounting information systems/
Statement of responsibility, etc. Stephen A. Mascove, Mark G. Simkin and Nancy A. Bagranoff.
250 ## - EDITION STATEMENT
Edition statement 7th edition
260 ## - PUBLICATION, DISTRIBUTION, ETC. (IMPRINT)
Place of publication, distribution, etc. New York:
Name of publisher, distributor, etc. John Wiley & Sons, Inc.,
Date of publication, distribution, etc. c2001.
300 ## - PHYSICAL DESCRIPTION
Extent x, 502 pages;
Dimensions 26 cm.
500 ## - GENERAL NOTE
General note Includes bibliographical references and index.<br/>
650 #0 - SUBJECT ADDED ENTRY--TOPICAL TERM
9 (RLIN) 15667
Topical term or geographic name as entry element Accounting
General subdivision Data processing
700 ## - ADDED ENTRY--PERSONAL NAME
9 (RLIN) 15668
Personal name Simkin, Mark G.
Relator term Author
700 ## - ADDED ENTRY--PERSONAL NAME
9 (RLIN) 15669
Personal name Bagranoff, Nancy A.
Relator term Author
365 ## - TRADE PRICE
Price amount 455.00
Currency code Php
942 ## - ADDED ENTRY ELEMENTS (KOHA)
Source of classification or shelving scheme Dewey Decimal Classification
Koha item type Circulation
Holdings
Withdrawn status Lost status Source of classification or shelving scheme Damaged status Not for loan Collection code Home library Current library Date acquired Source of acquisition Total Checkouts Full call number Barcode Date last seen Date last checked out Price effective from Koha item type
    Dewey Decimal Classification     Circulation UM Digos College - LIC UM Digos College - LIC 07/02/2004 Purchased 1 DC 658.4038011 M85 2001 17410 05/15/2025 11/19/2017 10/01/2016 Circulation